Materials for Engineers (Record no. 9479)

000 -LEADER
fixed length control field 00352nam a2200145Ia 4500
008 - FIXED-LENGTH DATA ELEMENTS--GENERAL INFORMATION
fixed length control field 200103s9999||||xx |||||||||||||| ||und||
020 ## - INTERNATIONAL STANDARD BOOK NUMBER
International Standard Book Number 0340190779,
082 ## - DEWEY DECIMAL CLASSIFICATION NUMBER
Classification number Column-47
100 ## - MAIN ENTRY--PERSONAL NAME
Personal name Kempster, M. H. A.
245 #0 - TITLE STATEMENT
Title Materials for Engineers
260 ## - PUBLICATION, DISTRIBUTION, ETC. (IMPRINT)
Name of publisher, distributor, etc Hodder and Stoughton, London
Date of publication, distribution, etc 1976
300 ## - PHYSICAL DESCRIPTION
Extent x, 245
942 ## - ADDED ENTRY ELEMENTS (KOHA)
Item type Books
Holdings
Withdrawn status Lost status Damaged status Not for loan Shelving location Date acquired Barcode Date last seen Koha item type
          2020-01-08 LBSD1502 2020-01-08 Books
Copyright © 2021 Indian Maritime University, Mumbai Port Campus. All Rights Reserved. Managed & Maintained by Central Library, IMU-Mumbai

webs counters

Powered by Koha